Regulating the night: race, culture and exclusion in the making of the night-time economy
Nightlife and outsider areas in an era of spatial and subcultural closure: recasting the politics of popular culture -- Negotiating research into the regulation of outsider areas -- The growth, criminalisation and decline of unregulated night spaces in Southview -- Urban regeneration, conflict and c...
| Autor principal: | |
|---|---|
| Tipo de documento: | Print Libro |
| Lenguaje: | Inglés |
| Publicado: |
Aldershot [u.a.]
Ashgate
2007
|
| En: | Año: 2007 |
| Acceso en línea: |
Índice Table of contents only |
| Disponibilidad en Tübingen: | Disponible en Tübingen. UB: KB 20 A 3261 |
| Verificar disponibilidad: | HBZ Gateway |
| Servicio de pedido Subito: | Pedir ahora. |
| Palabras clave: |
MARC
| LEADER | 00000cam a2200000 c 4500 | ||
|---|---|---|---|
| 001 | 161421882X | ||
| 003 | DE-627 | ||
| 005 | 20251225195435.0 | ||
| 007 | tu | ||
| 008 | 080715s2007 xxu||||| 00| ||eng c | ||
| 010 | |a 2006033553 | ||
| 020 | |a 9780754647522 |c alk. paper |9 978-0-7546-4752-2 | ||
| 020 | |a 0754647528 |c alk. paper |9 0-7546-4752-8 | ||
| 024 | 3 | |a 9780754647522 | |
| 035 | |a (DE-627)161421882X | ||
| 035 | |a (DE-576)283951990 | ||
| 035 | |a (DE-599)BSZ283951990 | ||
| 035 | |a (OCoLC)238825654 | ||
| 035 | |a (OCoLC)72799129 | ||
| 040 | |a DE-627 |b ger |c DE-627 |e rakwb | ||
| 041 | |a eng | ||
| 044 | |c XD-US |c XA-GB | ||
| 050 | 0 | |a HN398.L7 | |
| 082 | 0 | |a 306.10942090511 | |
| 082 | 0 | |a 306.10942/090511 | |
| 084 | |a RB 10798 |2 rvk |0 (DE-625)rvk/142220:12863 | ||
| 084 | |a MS 3600 |2 rvk |0 (DE-625)rvk/123685: | ||
| 084 | |a 74.09 |2 bkl | ||
| 100 | 1 | |a Talbot, Deborah |4 aut | |
| 245 | 1 | 0 | |a Regulating the night |b race, culture and exclusion in the making of the night-time economy |c Deborah Talbot |
| 264 | 1 | |a Aldershot [u.a.] |b Ashgate |c 2007 | |
| 300 | |a 156 S. | ||
| 336 | |a Text |b txt |2 rdacontent | ||
| 337 | |a ohne Hilfsmittel zu benutzen |b n |2 rdamedia | ||
| 338 | |a Band |b nc |2 rdacarrier | ||
| 490 | 0 | |a Re-materialising cultural geography | |
| 500 | |a Includes bibliographical references and index | ||
| 505 | 8 | |a Nightlife and outsider areas in an era of spatial and subcultural closure : recasting the politics of popular culture -- Negotiating research into the regulation of 'outsider areas' -- The growth, criminalisation and decline of unregulated night spaces in Southview -- Urban regeneration, conflict and change -- From nightlife to the 'night-time economy' -- Licensing and the loss of political and moral authority -- Licensing, policing and the informal mechanics of exclusion | |
| 520 | |a Nightlife and outsider areas in an era of spatial and subcultural closure: recasting the politics of popular culture -- Negotiating research into the regulation of outsider areas -- The growth, criminalisation and decline of unregulated night spaces in Southview -- Urban regeneration, conflict and change -- From nightlife to the night-time economy -- Licensing and the loss of political and moral authority -- Licensing, policing and the informal mechanics of exclusion | ||
| 583 | 1 | |a Archivierung prüfen |c 20200919 |f DE-640 |z 2 |2 pdager | |
| 583 | 1 | |a Archivierung prüfen |c 20240324 |f DE-4165 |z 2 |2 pdager | |
| 650 | 0 | |a Subculture |x England |x London | |
| 650 | 0 | |a Popular Culture |x England |x London | |
| 650 | 0 | |a Drinking of alcoholic beverages |x England |x London | |
| 650 | 0 | |a Subculture |z England |z London | |
| 650 | 0 | |a Popular Culture |z England |z London | |
| 650 | 0 | |a Drinking of alcoholic beverages |z England |z London | |
| 650 | 4 | |a Großbritannien | |
| 650 | 4 | |a Rassenbeziehung | |
| 650 | 4 | |a Stadtsoziologie | |
| 650 | 4 | |a Nachtleben | |
| 651 | 0 | |a London (England) |x Social and customs | |
| 651 | 0 | |a London (England) |x Social life and customs | |
| 689 | 0 | 0 | |d g |0 (DE-588)4022153-2 |0 (DE-627)104665513 |0 (DE-576)208942076 |a Großbritannien |2 gnd |
| 689 | 0 | 1 | |d s |0 (DE-588)4136649-9 |0 (DE-627)105655937 |0 (DE-576)209670975 |a Nachtleben |2 gnd |
| 689 | 0 | 2 | |d s |0 (DE-588)4752223-9 |0 (DE-627)372513433 |0 (DE-576)216046890 |a Minderheit |2 gnd |
| 689 | 0 | 3 | |d s |0 (DE-588)4300539-1 |0 (DE-627)104099410 |0 (DE-576)21103049X |a Ausgrenzung |2 gnd |
| 689 | 0 | |5 (DE-627) | |
| 689 | 1 | 0 | |d g |0 (DE-588)4022153-2 |0 (DE-627)104665513 |0 (DE-576)208942076 |a Großbritannien |2 gnd |
| 689 | 1 | 1 | |d s |0 (DE-588)4136649-9 |0 (DE-627)105655937 |0 (DE-576)209670975 |a Nachtleben |2 gnd |
| 689 | 1 | 2 | |d s |0 (DE-588)4752223-9 |0 (DE-627)372513433 |0 (DE-576)216046890 |a Minderheit |2 gnd |
| 689 | 1 | 3 | |d s |0 (DE-588)4300539-1 |0 (DE-627)104099410 |0 (DE-576)21103049X |a Ausgrenzung |2 gnd |
| 689 | 1 | |5 (DE-627) | |
| 856 | 4 | 2 | |u http://www.gbv.de/dms/hbz/toc/ht015019351.pdf |m V:DE-605 |q pdf/application |v 2008-11-15 |x Verlag |y Inhaltsverzeichnis |3 Inhaltsverzeichnis |7 1 |
| 856 | 4 | 2 | |u http://www.loc.gov/catdir/toc/ecip072/2006033553.html |x Verlag |y Table of contents only |7 1 |
| 889 | |w (DE-627)518856836 | ||
| 935 | |i mdedup | ||
| 936 | r | v | |a RB 10798 |b Teilgebiete und Einzelfragen |k Geografie |k Nicht regional gebundene Darstellungen |k Allgemeine Geografie |k Anthropogeografie |k Sozialgeografie und Politische Geografie |k Teilgebiete und Einzelfragen |0 (DE-627)1271514095 |0 (DE-625)rvk/142220:12863 |0 (DE-576)201514095 |
| 936 | r | v | |a MS 3600 |b Emigranten, Immigranten, Geflüchtete |k Soziologie |k Spezielle Soziologien |k Soziologie der Minoritäten und Randgruppen |k Emigranten, Immigranten, Geflüchtete |0 (DE-627)1270927078 |0 (DE-625)rvk/123685: |0 (DE-576)200927078 |
| 936 | b | k | |a 74.09 |j Sozialgeographie |0 (DE-627)181570580 |
| 951 | |a BO | ||
| ELC | |b 1 | ||
| LOK | |0 000 xxxxxcx a22 zn 4500 | ||
| LOK | |0 001 3181826502 | ||
| LOK | |0 003 DE-627 | ||
| LOK | |0 004 161421882X | ||
| LOK | |0 005 20081028081826 | ||
| LOK | |0 008 080715||||||||||||||||ger||||||| | ||
| LOK | |0 040 |a DE-21 |c DE-627 |d DE-21 | ||
| LOK | |0 852 |a DE-21 | ||
| LOK | |0 852 1 |c KB 20 A 3261 |9 00 | ||
| LOK | |0 935 |a krim | ||
| LOK | |0 936ln |a k7.3.3.4 | ||
| LOK | |0 938 |l 28/10/08 |8 6 | ||
| LOK | |0 939 |a 15-07-08 |b l01 | ||
| ORI | |a SA-MARC-krimdoka001.raw | ||
| SIG | |a UB: KB 20 A 3261 | ||
| TIM | |a 100017070101_100020261231 |b 1707 - 2026 | ||
